Teatro
Gespeichert in:
| 1. Verfasser: | |
|---|---|
| Format: | Buch |
| Sprache: | Spanisch |
| Veröffentlicht: |
Barcelona
Biblioteca nueva
1940
|
| Schriftenreihe: | Colección mundial de obras selectas
|
| Schlagworte: | |
| Tags: |
Tag hinzufügen
Keine Tags, Fügen Sie den ersten Tag hinzu!
|
MARC
| LEADER | 00000nam a2200000 a 4500 | ||
|---|---|---|---|
| 001 | UCY2377 | ||
| 003 | CL-VaPUC | ||
| 008 | 941024e19400000SP |||||||||||||||||spa|d | ||
| 082 | 0 | 4 | |a 822 |b WIL |2 21 |
| 100 | 0 | |a Wilde, Oscar |e author |9 330405 | |
| 245 | 1 | 0 | |a Teatro |
| 300 | |a 286 p | ||
| 942 | |c BK | ||
| 945 | |d 19941024 00:00:00 |a mfernand | ||
| 260 | |a Barcelona |b Biblioteca nueva |c 1940 | ||
| 500 | |a Contiene: El abanico de Lady Windermere; Una mujer sin importancia; La importancia de ser formal; Un marido ideal | ||
| 650 | 0 | |a Drama inglés |9 311029 | |
| 583 | |a last modification |c 19941024 00:00:00 |k Rodrigo Vera | ||
| 490 | 0 | |a Colección mundial de obras selectas | |
| 999 | |c 230797 |d 230795 | ||
| 952 | |0 0 |1 0 |4 0 |6 822_000000000000000_WIL_1940 |7 0 |8 A |9 233328 |a BIBEDU |b BIBEDU |d 2019-11-15 |i 3024083 |o 822 WIL 1940 |p 3024083 |r 2019-11-15 |w 2019-11-15 |y BK |k LIT | ||